000
00305nam a2200121Ia 4500
008
211105s9999 xx 000 0 und d
020
_a
VYASA13057
100
_a
Mahalingam N
245
0
_a
Tamil Saiva Bhaktakavi Sundarmurthy Nayanar
250
_a
\N
260
_b
SahityaShodh sansthan
_c
\N
300
_a
424p.
999
_c
7471
_d
7471